Normal view
MARC view
- ASCE manuals and reports on engineering practice ;
Entry Uniform Title
001 - CONTROL NUMBER
- control field: 5867
003 - CONTROL NUMBER IDENTIFIER
- control field: NUST
005 - DATE AND TIME OF LATEST TRANSACTION
- control field: 20171102123608.0
008 - FIXED-LENGTH DATA ELEMENTS
- fixed length control field: 171102|| aca||aabn | a|a d
040 ## - CATALOGING SOURCE
- Original cataloging agency: NUST
- Transcribing agency: NUST
130 ## - HEADING--UNIFORM TITLE
- Uniform title: ASCE manuals and reports on engineering practice ;
- Form subdivision: no. 109
670 ## - SOURCE DATA FOUND
- Source citation: Work cat.: (NUST)0: Biological nutrient removal (BNR) operation in wastewater treatment plants /, c2006.
